Nociones generales sobre la bomba de calor

Na minha lista:
Detalhes bibliográficos
Autor principal: Couchoud Gregori, Milagros
Formato: Livro
Idioma:Spanish
Publicado em: Madrid: Centro de Estudios y Experimentación de Obras Públicas. Departamento de Información y Documentación 1982
coleção:Monografía
Assuntos:
Tags: Adicionar Tag
Sem tags, seja o primeiro a adicionar uma tag!

MARC

LEADER 00000nam a2200000Ia 4500
003 002384
005 20221231143942.0
008 140114s1982 sp a 000 ||spa d
040 |c cru CEDI 
082 |a 536.7 C853n 
100 |a Couchoud Gregori, Milagros  |9 20734 
245 |a Nociones generales sobre la bomba de calor  
260 |a Madrid: Centro de Estudios y Experimentación de Obras Públicas. Departamento de Información y Documentación   |c 1982 
300 |a 21 páginas ;ilustraciones  
440 |a Monografía   |n M3  |9 20735 
650 |x TERMODINAMICA  |9 20736 
942 |2 ddc  |c BK 
999 |c 14710  |d 14710